| 000 | 00591nam a2200217Ii 4500 | ||
|---|---|---|---|
| 003 | JO-AjNU | ||
| 008 | 230606s9999||||xx |||||||||||||| ||und|| | ||
| 020 | _a978-3-319-11444-6 | ||
| 040 |
_aJO-AjNU _beng _erda _cJO-AjNU |
||
| 041 | _aeng | ||
| 050 | 1 | 4 | _aQA371.2014 |
| 100 | 3 |
_aRobertz,Daniel, _eauthor _94743 |
|
| 245 | 0 | 0 | _aFormal Algorithmic Elimination For PDES |
| 250 | _a4 ed | ||
| 264 | 3 | 1 | _aSpringer,2010 |
| 300 | _a283p | ||
| 336 |
_atext _btxt _2rdacontent |
||
| 337 |
_aunmediated _bn _2rdamedia |
||
| 338 |
_avolume _bnc _2rdacarrier |
||
| 650 | 4 |
_a Linear algebra _94744 |
|
| 999 |
_aE2457 _c2455 _d2455 |
||